Etica, política, ciudadanía /

Conferencia de Fernando Savater en torno la ética política ligada al ejercicio ciudadano, ilustrada con ejemplos concretos y propuestas de actuación, pronunciada el 26 de abril de 1997 en la Ciudad de México.

Guardado en:
Bibliografiske detaljer
Hovedforfatter: Savater, Fernando (autor)
Andre forfattere: Ortiz Pinchetti, José Agustín (presentación) (presentación)
Format: Bog
Sprog:spansk
Udgivet: México : Grijalbo : Hoja Casa Editorial : Causa Ciudadana, 1998, c1998
Serier:(Raya en el Agua)
(Textos del Nuevo Ciudadano)
Fag:
Tags: Tilføj Tag
Ingen Tags, Vær først til at tagge denne postø!

MARC

LEADER 00000nam^a2200000^a^4500
001 000318662
005 20250521000000.0
009 20260310113419.77
020 |a 970-05-1005-0 
025 |a Donación María del Mar Enríquez Domínguez, 1 ejemplar 
037 |a Acervo ITESO - Biblioteca 
041 |a ESP 
082 |a 147.  |b SAV OBR ETP 
100 |a Savater, Fernando  |e (autor) 
240 1 1 |a [Etica, política, ciudadanía] 
245 1 0 |a Etica, política, ciudadanía /  |c F. Savater ; presen. de J.A. Ortiz Pinchetti ; fotografía de Cristina Rodríguez. 
264 4 |a México :  |b Grijalbo :  |b Hoja Casa Editorial :  |b Causa Ciudadana,  |c 1998, c1998 
300 |a 76, [20] p. 
336 |a texto  |b txt  |2 rdacontenido 
337 |a sin mediación  |b n  |2 rdamedio 
338 |a volumen  |b nc  |2 rdasoporte 
440 1 |a (Raya en el Agua) 
440 1 |a (Textos del Nuevo Ciudadano) 
520 |a Conferencia de Fernando Savater en torno la ética política ligada al ejercicio ciudadano, ilustrada con ejemplos concretos y propuestas de actuación, pronunciada el 26 de abril de 1997 en la Ciudad de México. 
545 0 |a Fernando Savater (San Sebastián, 1947), una de las voces centrales de la discusión y la reflexión filosóficas en la España de la segunda mitad del siglo XX. Su extensa obra apunta a diferentes frentes, aunque tiene como denominador común el intento de rebelarse siempre contra lo establecido. Etica para Amador (1991) y Política para Amador (1993), dos títulos dirigidos a su hijo adolescente, sobresalen como propuestas no doctrinarias que acercan la filosofía a la generación adolescente y al gran público en general. La tarea del héroe (1982), Invitación a la ética (1982), El contenido de la felicidad (1986) y Etica como amor propio (1988) son libros representativos de la reflexión ética del español, en tanto que Para la anarquía (1977), Panfleto contra el todo (1978) y Contra las patrias (1984) son muestras de sus argumentos de tono más político y polémico. Abierto opositor del terrorismo vasco y pacifista declarado, Savater es reconocido también por sus lecturas de la obra de Friedrich Nietzsche y sus traducciones de E.M. Cioran. 
649 |a XX 
650 |a Filósofos Españoles -  |x Discursos 
650 |a Ciudadanía 
650 |a Etica Política -  |x Tema Principal 
650 |a Filosofía Política 
650 |a Filosofía del Siglo XX 
650 |a Filosofía Española 
700 |a Ortiz Pinchetti, José Agustín  |e (presentación) 
910 |a Fondo General 
920 |a Impresos - Libros 
930 |a Colección General 
905 |a 101 
901 |a 0500205625  |b IT1  |c ACC  |i D  |u 20250521 
902 |a https://opac.biblio.iteso.mx/vufind/Record/000318662